| 000 | 01064cam a22002531i 4500 | ||
|---|---|---|---|
| 003 | SA-RiAUC | ||
| 005 | 20241223052213.0 | ||
| 008 | 241222s1991 su g 00000cara c | ||
| 040 |
_aSA-RiAUC _bara _cSA-RiAUC _erda |
||
| 082 | 0 | 4 |
_a234.65 _qSA-RiAUC |
| 090 |
_a234.65 _bن س ف |
||
| 100 | 1 |
_aالنسفي، عمر بن محمد بن أحمد، _d461-537 هجري _eمؤلف. |
|
| 245 | 1 | 2 |
_aالقند في ذكر علماء سمرقند / _cتأليف نجم الدين عمر بن محمد بن أحمد النسفي ؛ قدم له واعتنى به نظر محمد الفارابي. |
| 250 | _aالطبعة الأولى. | ||
| 264 | 1 |
_aالرياض : _bمكتبة الكوثر، _c1991 |
|
| 300 |
_a622 صفحة ؛ _c24 سم |
||
| 336 |
_aنص _btxt _2rdacontent _3كتاب |
||
| 337 |
_aبدون وسيط _bn _2rdamedia |
||
| 338 |
_aمجلد _bnc _2rdacarrier |
||
| 650 | 7 |
_aالحديث _xتراجم الرواة _2aucsh |
|
| 700 | 1 |
_aالفارابي، نظر محمد _eمقدم. |
|
| 942 |
_2ddc _cBOOK _n0 |
||
| 949 |
_aSA-JeALM _d241222 _umohamedma123 _n1 |
||
| 999 |
_c3786 _d3786 |
||